000 00323nam a22001457a 4500
008 210312b ||||| |||| 00| 0 eng d
020 _a9780763755805
041 _aeng
080 _22nd
_a610.73
082 _a610.73
100 _a1
101 _aINF
245 _aGerontological Nursing
_cMauk, K. L
942 _2udc
_cBK
999 _c56591
_d56591